<?xml version="1.0" encoding="UTF-8"?><?xml-stylesheet type="text/xsl" href="static/style.xsl"?><OAI-PMH xmlns="http://www.openarchives.org/OAI/2.0/" xmlns:xsi="http://www.w3.org/2001/XMLSchema-instance" xsi:schemaLocation="http://www.openarchives.org/OAI/2.0/ http://www.openarchives.org/OAI/2.0/OAI-PMH.xsd"><responseDate>2026-04-19T11:09:23Z</responseDate><request verb="GetRecord" identifier="oai:www.recercat.cat:2117/89001" metadataPrefix="marc">https://recercat.cat/oai/request</request><GetRecord><record><header><identifier>oai:recercat.cat:2117/89001</identifier><datestamp>2025-07-22T18:45:03Z</datestamp><setSpec>com_2072_1033</setSpec><setSpec>col_2072_452951</setSpec></header><metadata><record xmlns="http://www.loc.gov/MARC21/slim" xmlns:dcterms="http://purl.org/dc/terms/" xmlns:xsi="http://www.w3.org/2001/XMLSchema-instance" xmlns:doc="http://www.lyncode.com/xoai" xsi:schemaLocation="http://www.loc.gov/MARC21/slim http://www.loc.gov/standards/marcxml/schema/MARC21slim.xsd">
   <leader>00925njm 22002777a 4500</leader>
   <datafield ind2=" " ind1=" " tag="042">
      <subfield code="a">dc</subfield>
   </datafield>
   <datafield ind2=" " ind1=" " tag="720">
      <subfield code="a">Casanova Pagà, Arantxa</subfield>
      <subfield code="e">author</subfield>
   </datafield>
   <datafield ind2=" " ind1=" " tag="260">
      <subfield code="c">2016-07-12</subfield>
   </datafield>
   <datafield ind2=" " ind1=" " tag="520">
      <subfield code="a">The main objective of this project is to present an implementation of several registration algorithms for the fusion of 3D data to enlarge detection area in interactive applications. This work compares the registration of two depth sensors obtained using camera calibration from a geometrical pattern and the auto-registration using the detection of a human finger as a reference. Employing a finger detector instead of a geometrical pattern gives a main advantage: the method is more user-friendly, without the need of external objects, while the time consumed in the process and the registration error are similar to those obtained through classical camera calibration. The interactive application used, provided by Exipple Studio, allows the user to track a hand through the detection area of a single depth sensor. The contribution of this work is the increase of detection area by 78.5% at 120cm from the sensors, using the resulting registration.</subfield>
   </datafield>
   <datafield ind2=" " ind1=" " tag="520">
      <subfield code="a">El objetivo principal de esta tesis es presentar la implementación de diversos algoritmos de registro para la fusión de datos 3D, resultando en un aumento del área de detección en apicaciones interactivas. Este trabajo compara el registro de dos sensores de profundidad obtenido a partir de la calibración de los mismos usando un patrón geométrico y el obtenido a partir del registro automático utilizando la detección de un dedo humano como referencia. Utilizar un detector de dedos en lugar de un patrón geométrico aporta una ventaja principal: el método es más fácil de usar para el usuario, ya que no se necesitan objetos externos, mientras que el tiempo empleado y el error de registro son similares a los obtenidos con la calibración clásica de los sensores. La aplicación iteractiva utilizada, concedida por Exipple Studio, permite hacer el seguimiento de una mano por toda la área de detección de un solo sensor. La contribución de este trabajo es el aumento del área de detección en un 78.5% a 120cm de los sensores, debido al registro resultante.</subfield>
   </datafield>
   <datafield ind2=" " ind1=" " tag="520">
      <subfield code="a">L'objectiu principal d'aquest projecte és presentar la implementació de diversos algoritmes de registre per a la fusió de dades 3D, resultant en un augment de l'àrea de detecció en aplicacions interactives. Aquest treball compara el registre de dos sensors de profunditat obtingut a partir de la seva calibració a mitjançant d'un patró geomètric i l'obtingut a partir del registre automàtic usant la detecció d'un dit humà com a referència. Utilitzar un detector de dit en lloc d'un patró geomètric aporta una avantatge principal: el mètode és més fàcil d'usar per l'usuari, ja que no es necessiten objectes externs, mentre que el temps emprat i l'error de registre són similars als obtinguts amb la calibració clàssica dels sensors. L'aplicació interactiva utilitzada, concedida per Exipple Studio, permet fer el seguiment d'una mà per tota l'àrea de detecció d'un sol sensor. La contribució d'aquest treball és l'augment de l'àrea de detecció en un 78.5% a 120cm dels sensors, degut al registre resultant.</subfield>
   </datafield>
   <datafield tag="653" ind2=" " ind1=" ">
      <subfield code="a">Àrees temàtiques de la UPC::Enginyeria de la telecomunicació::Processament del senyal::Adquisició i detecció del senyal</subfield>
   </datafield>
   <datafield tag="653" ind2=" " ind1=" ">
      <subfield code="a">Data acquisition</subfield>
   </datafield>
   <datafield tag="653" ind2=" " ind1=" ">
      <subfield code="a">Image processing</subfield>
   </datafield>
   <datafield tag="653" ind2=" " ind1=" ">
      <subfield code="a">Computer vision</subfield>
   </datafield>
   <datafield tag="653" ind2=" " ind1=" ">
      <subfield code="a">Adquisición de datos</subfield>
   </datafield>
   <datafield tag="653" ind2=" " ind1=" ">
      <subfield code="a">Procesado de imagen</subfield>
   </datafield>
   <datafield tag="653" ind2=" " ind1=" ">
      <subfield code="a">Visión por computador</subfield>
   </datafield>
   <datafield tag="653" ind2=" " ind1=" ">
      <subfield code="a">Adquisició de dades</subfield>
   </datafield>
   <datafield tag="653" ind2=" " ind1=" ">
      <subfield code="a">Imatges -- Processament</subfield>
   </datafield>
   <datafield tag="653" ind2=" " ind1=" ">
      <subfield code="a">Visió per ordinador</subfield>
   </datafield>
   <datafield ind2="0" ind1="0" tag="245">
      <subfield code="a">Fusion of 3D data for interactive applications</subfield>
   </datafield>
   <datafield ind2="0" ind1="0" tag="245">
      <subfield code="a">Fusión de datos 3D para aplicaciones interactivas</subfield>
   </datafield>
   <datafield ind2="0" ind1="0" tag="245">
      <subfield code="a">Fusió de dades 3D per aplicacions interactives</subfield>
   </datafield>
</record></metadata></record></GetRecord></OAI-PMH>